Welcome to the Holygrace Academy Library

Please use search bar below to get started

ATTUPOKATHA ORMAKAL (Record no. 8732)

MARC details
000 -LEADER
fixed length control field 00397nam a22001577a 4500
020 ## - INTERNATIONAL STANDARD BOOK NUMBER
ISBN 978-93-5282-853-1
082 ## - DEWEY DECIMAL CLASSIFICATION NUMBER
Classification number 920
Item number JOS/A
100 ## - MAIN ENTRY--AUTHOR NAME
Personal name JOSEPH, T J
245 ## - TITLE STATEMENT
Title ATTUPOKATHA ORMAKAL
246 ## - VARYING FORM OF TITLE
Title proper/short title ATTUPOKATHA ORMAKAL
Remainder of title ATTUPOKATHA ORMAKAL
260 ## - PUBLICATION, DISTRIBUTION, ETC. (IMPRINT)
Place of publication INDIA
Name of publisher D C
Year of publication 2023
300 ## - PHYSICAL DESCRIPTION
Number of Pages 431
520 ## - SUMMARY, ETC.
Summary, etc AUTOBIOGRAPHY OF PRO.T J JOSEPH
650 ## - SUBJECT ADDED ENTRY--TOPICAL TERM
Topical Term MALAYALAM AUTOBIOGRAPHY
942 ## - ADDED ENTRY ELEMENTS (KOHA)
Koha item type Books
Holdings
Withdrawn status Lost status Collection code Home library Current library Date acquired Source of acquisition Cost, normal purchase price Full call number Accession Number Koha item type
    Non-fiction Main Library Main Library 26/10/2023 PURCHASED 470.00 920 JOS/A 13203 Books